Statistics for 贵州省地图 Guizhou Map Quiz

Click here to take the quiz!

General Stats

  • This quiz has been taken 1 060 times
  • The average score is 7 of 9

Answers on the Map

Answers color-coded by a green-red scale on the quiz's map according to % correct below.
 

Answer Stats

区划% Correct
贵阳市
99%
遵义市
92%
黔东南苗族侗族自治州
89%
六盘水市
87%
黔西南布依族苗族自治州
86%
黔南布依族苗族自治州
82%
毕节市
70%
安顺市
67%
铜仁市
66%

Score Distribution

Percentile by Number Answered

Percent of People with Each Score

Your Score History

You have not taken this quiz